Návrh opatrení pre zlepšenie výberu a prijímania zamestnancov v spoločnosti PCA Slovakia, s.r.o.,Trnava

Gespeichert in:
Bibliographische Detailangaben
1. Verfasser: Kovárová, Pavlína (Verfasst von)
Weitere Verfasser: Holeček, Jaroslav (Betreuung Doktorarbeit)
Format: Manuskript Buch
Sprache:Slowakisch
Veröffentlicht: 2018
Schlagworte:
Online-Zugang:http://is.stuba.sk/zp/portal_zp.pl?podrobnosti=137777
Tags: Tag hinzufügen
Keine Tags, Fügen Sie das erste Tag hinzu!

MARC

LEADER 00000ntm a22000003a 4500
001 stuzp67599
003 SK-STU
005 20180820154837.7
007 ta
008 150427s2015----xo-----f-mn---000-0-slo-d
040 |a STU  |b slo 
041 0 |a slo 
100 1 |a Kovárová, Pavlína  |u 064000  |4 aut  |U MTF Materiálovotechnologická fakulta  |T MTF Ústav priemyselného inžinierstva a manažmentu  |X 80261  |U M4000  |Y 84  |7 80261 
242 0 1 |a Proposal for the improvement of recruitment and recruitment measures at PCA Slovakia, s.r.o., Trnava  |y eng 
245 1 0 |a Návrh opatrení pre zlepšenie výberu a prijímania zamestnancov v spoločnosti PCA Slovakia, s.r.o.,Trnava 
260 |c 2018 
650 4 |a návrh zlepšenia  |2 slo 
650 4 |a kritéria  |2 slo 
650 4 |a postupy v procese  |2 slo 
650 4 |a výber a prijímanie zamestnancov  |2 slo 
650 4 |a selection and recruitment  |2 eng 
650 4 |a draft improvements  |2 eng 
650 4 |a procedures in proce  |2 eng 
650 4 |a criteria  |2 eng 
700 1 |a Holeček, Jaroslav  |u 064000  |k Z1  |4 ths  |U MTF Materiálovotechnologická fakulta  |T MTF Ústav priemyselného inžinierstva a manažmentu  |X 53298  |U M4000  |Y 84  |7 A000053298 
856 4 |u http://is.stuba.sk/zp/portal_zp.pl?podrobnosti=137777 
996 |c M* BP-8473  |l MMSKP  |s P  |a 0  |w stuzp67599_0001